[Event "CHN-chT Torch Real Estate Cup"]
[Site "Jiangsu Wuxi"]
[Date "2008.10.29"]
[Round "11"]
[White "Zhou, Min"]
[Black "Wang, Yu"]
[Result "0-1"]
[WhiteElo "2205"]
[BlackElo "2109"]
[PlyCount "104"]
[EventDate "2008.05.19"]
[EventType "team-tourn"]
[EventRounds "12"]
[EventCountry "CHN"]
[SourceTitle "EXT 2009"]
[Source "ChessBase"]
[SourceDate "2008.11.26"]
[SourceVersion "1"]
[SourceVersionDate "2008.11.26"]
[SourceQuality "1"]

1. e4 e5 2. Nf3 Nc6 3. Bb5 a6 4. Ba4 Nf6 5. 0-0 Be7 6. Re1 b5 7. Bb3 0-0 8. a4 b4 9. a5 d6 10. c3 Bg4 11. h3 Bh5 12. Ba4 Na7 13. d4 exd4 14. cxd4 c5 15. dxc5 dxc5 16. Qxd8 Bxd8 17. e5 Bxf3 18. gxf3 Nh5 19. Be3 Bxa5 20. Bb3 Bc7 21. Bxc5 Nb5 22. Bxf8 Kxf8 23. Re4 Rd8 24. Rxa6 Nd4 25. Nd2 f5 26. Re3 Nf4 27. Nf1 Nxh3+ 28. Kh2 f4 29. Re4 Nxf3+ 30. Kxh3 Ng5+ 31. Kg4 Nxe4 32. Kxf4 Nc5 33. Ra7 Bb6 34. Rf7+ Ke8 35. Rxg7 Nxb3 36. Rxh7 Bxf2 37. Nh2 Rd4+ 38. Kf5 Rh4 39. Rxh4 Bxh4 40. Nf3 Be7 41. Ke6 Nc5+ 42. Kd5 Kd7 43. Nd4 Na4 44. b3 Nb6+ 45. Ke4 Bc5 46. Nc2 Ke6 47. Ne1 Nd5 48. Nf3 Nc3+ 49. Kd3 Kd5 50. e6 Kxe6 51. Kc4 Kd6 52. Ne1 Nb1 0-1

[Event "Manila Pichay Cup 3rd"]
[Site "Manila"]
[Date "2007.12.06"]
[Round "8"]
[White "Wang, Yu"]
[Black "Bancod, Ronald"]
[Result "0-1"]
[WhiteElo "2109"]
[BlackElo "2396"]
[PlyCount "110"]
[EventDate "2007.12.01"]
[EventType "swiss"]
[EventRounds "9"]
[EventCountry "PHI"]
[SourceTitle "CBM 122 Extra"]
[Source "ChessBase"]
[SourceDate "2008.03.04"]
[SourceVersion "1"]
[SourceVersionDate "2008.03.04"]
[SourceQuality "1"]

1. e4 c5 2. Nc3 g6 3. d4 Bg7 4. Nf3 cxd4 5. Nxd4 Nc6 6. Nb3 Nf6 7. Be2 0-0 8. 0-0 d6 9. Bg5 Be6 10. Kh1 Rc8 11. f4 a6 12. Bf3 Nd7 13. Re1 Re8 14. Rb1 b5 15. Nd5 a5 16. c3 a4 17. Na1 Nb6 18. Be2 Na7 19. Nc2 Nc4 20. Bxc4 Rxc4 21. f5 Bxd5 22. exd5 Qd7 23. Qf3 Qxf5 24. Qxf5 gxf5 25. Ne3 Rc7 26. Nxf5 Be5 27. Re4 Nc8 28. Rf1 f6 29. Be3 a3 30. bxa3 Rxc3 31. Rg4+ Kh8 32. Bh6 Rg8 33. Bg7+ Rxg7 34. Rxg7 h5 35. Rg6 Rxa3 36. g4 Rxa2 37. gxh5 Rxh2+ 38. Kg1 Rxh5 39. Re1 Rxf5 40. Re4 Kh7 41. Reg4 Rg5 42. R6xg5 fxg5 43. Rb4 Kg6 44. Rxb5 Bd4+ 45. Kg2 Kf5 46. Rb7 Bf6 47. Rb5 g4 48. Ra5 Bd4 49. Rb5 Ke4 50. Kg3 Kf5 51. Kg2 Be5 52. Rb7 Ke4 53. Rb5 Kd4 54. Rb7 Kxd5 55. Rxe7 Ke4 0-1

[Event "Manila Pichay Cup 3rd"]
[Site "Manila"]
[Date "2007.12.05"]
[Round "7"]
[White "Causo, Deniel"]
[Black "Wang, Yu"]
[Result "1-0"]
[WhiteElo "2103"]
[BlackElo "2109"]
[PlyCount "95"]
[EventDate "2007.12.01"]
[EventType "swiss"]
[EventRounds "9"]
[EventCountry "PHI"]
[SourceTitle "CBM 122 Extra"]
[Source "ChessBase"]
[SourceDate "2008.03.04"]
[SourceVersion "1"]
[SourceVersionDate "2008.03.04"]
[SourceQuality "1"]

1. e4 e5 2. Nf3 Nc6 3. Nc3 Nf6 4. d4 exd4 5. Nxd4 Bb4 6. Nxc6 bxc6 7. Bd3 d5 8. exd5 cxd5 9. 0-0 0-0 10. Bg5 c6 11. Na4 h6 12. Bh4 Be7 13. c4 Be6 14. Rc1 Rb8 15. b3 Ng4 16. Bxe7 Qxe7 17. cxd5 cxd5 18. Be2 Nf6 19. Nc5 Bf5 20. Bf3 Be4 21. Bxe4 dxe4 22. Re1 Rfe8 23. Rc4 Rbd8 24. Qc2 Qe5 25. h3 Rd4 26. Qc3 Rxc4 27. Qxc4 Qb2 28. b4 Qd2 29. Re2 Qd1+ 30. Kh2 Qd6+ 31. g3 Qe5 32. Kg2 Qf5 33. Re3 h5 34. a3 h4 35. g4 Qf4 36. Qd4 g5 37. Nd7 Nxd7 38. Qxd7 Rf8 39. Qd5 Re8 40. Qc6 Qe5 41. a4 Kg7 42. b5 f6 43. Rc3 Re7 44. a5 Qf4 45. Qc5 Rf7 46. Qd4 Kh7 47. Qd8 f5 48. Rc5 1-0

[Event "Manila Pichay Cup 3rd"]
[Site "Manila"]
[Date "2007.12.02"]
[Round "2"]
[White "Wang, Yu"]
[Black "Segarra, Randy"]
[Result "1-0"]
[WhiteElo "2109"]
[BlackElo "2153"]
[PlyCount "91"]
[EventDate "2007.12.01"]
[EventType "swiss"]
[EventRounds "9"]
[EventCountry "PHI"]
[SourceTitle "CBM 122 Extra"]
[Source "ChessBase"]
[SourceDate "2008.03.04"]
[SourceVersion "1"]
[SourceVersionDate "2008.03.04"]
[SourceQuality "1"]

1. e4 c5 2. Nf3 Nc6 3. Nc3 e5 4. Bc4 Be7 5. d3 Nf6 6. Ng5 0-0 7. f4 exf4 8. Bxf4 d6 9. 0-0 h6 10. Nf3 Be6 11. Nd5 a6 12. a3 b5 13. Ba2 Rc8 14. Qd2 Bxd5 15. exd5 Nd4 16. c3 Nf5 17. Rae1 Qd7 18. h3 h5 19. Ng5 Rfe8 20. Qf2 h4 21. Ne4 Nh5 22. Bb1 g6 23. Bc2 Kg7 24. Bd1 Nxf4 25. Qxf4 Qb7 26. Bg4 Qxd5 27. Bxf5 Qxf5 28. Qxf5 gxf5 29. Rxf5 Kg6 30. Ref1 Rcd8 31. Nf6 Rh8 32. R5f4 Bxf6 33. Rxf6+ Kg7 34. Rxf7+ Kg8 35. R7f4 Rh5 36. Rg4+ Kh7 37. Rff4 Rd5 38. Rxh4+ Kg6 39. Rhg4+ Kh6 40. d4 Rb8 41. dxc5 dxc5 42. Rf6+ Kh5 43. Rxa6 Rd2 44. b4 c4 45. Rag6 Rc2 46. R4g5+ 1-0

[Event "CHN-chT Torch Real Estate Cup"]
[Site "Wuxi"]
[Date "2005.05.10"]
[Round "9"]
[White "Nebolsina, Vera"]
[Black "Wang, Yu"]
[Result "1-0"]
[WhiteElo "2302"]
[BlackElo "2109"]
[PlyCount "65"]
[EventDate "2005.05.08"]
[EventType "team-tourn"]
[EventRounds "13"]
[EventCountry "CHN"]
[SourceTitle "CBM 106 Extra"]
[Source "ChessBase"]
[SourceDate "2005.07.01"]
[SourceVersion "1"]
[SourceVersionDate "2005.07.01"]
[SourceQuality "1"]

1. d4 Nf6 2. Nf3 d5 3. c4 c6 4. Nc3 a6 5. c5 Nbd7 6. Bf4 Nh5 7. e3 g6 8. Qd2 Bg7 9. h4 Nxf4 10. exf4 0-0 11. h5 b6 12. cxb6 Nxb6 13. hxg6 fxg6 14. Ne5 Qc7 15. Rc1 Be6 16. Qe3 Rf6 17. b3 Nd7 18. Bd3 Nxe5 19. fxe5 Rf7 20. Na4 Raf8 21. f3 Rf4 22. Ke2 Bc8 23. Rh2 Rxd4 24. Rxh7 Rxd3 25. Rxg7+ Kxg7 26. Kxd3 Bf5+ 27. Ke2 Qb8 28. Qd4 Qb5+ 29. Ke3 Be6 30. Nc5 Bc8 31. e6+ Rf6 32. g4 Kg8 33. g5 1-0

[Event "Jinan Torch Cup"]
[Site "Jinan"]
[Date "2005.04.25"]
[Round "6"]
[White "Wang, Yu"]
[Black "Huang, Qian"]
[Result "0-1"]
[WhiteElo "2109"]
[BlackElo "2382"]
[PlyCount "86"]
[EventDate "2005.04.20"]
[EventType "team-tourn"]
[EventRounds "9"]
[EventCountry "CHN"]
[SourceTitle "CBM 106 Extra"]
[Source "ChessBase"]
[SourceDate "2005.07.01"]
[SourceVersion "1"]
[SourceVersionDate "2005.07.01"]
[SourceQuality "1"]

1. e4 c5 2. Nf3 d6 3. d4 cxd4 4. Nxd4 Nf6 5. Nc3 a6 6. Bg5 e6 7. f4 Qb6 8. Nb3 Nbd7 9. Qf3 Be7 10. 0-0-0 Qc7 11. g4 h6 12. Bxf6 Bxf6 13. Nd4 Be7 14. h4 b5 15. g5 b4 16. Nce2 Nc5 17. Ng3 Bb7 18. g6 f5 19. Bd3 0-0-0 20. h5 Rhe8 21. Rhe1 Bh4 22. Rg1 Bxg3 23. Qxg3 fxe4 24. Be2 Kb8 25. Kb1 Rf8 26. Rgf1 Rf6 27. Bg4 Rdf8 28. Nb3 Ka8 29. Qe3 Nxb3 30. cxb3 d5 31. Rc1 Qd6 32. Qc5 Qxc5 33. Rxc5 Kb8 34. Rfc1 Rc8 35. Rxc8+ Bxc8 36. Rf1 a5 37. Kc2 Ba6 38. Re1 Kc7 39. Kd2 Rxf4 40. Bxe6 Kd6 41. Bf7 Ke5 42. Rc1 Rf2+ 43. Kd1 Kd4 0-1